[Event "Helsingor Xtracon op"]
[Site "Helsingor"]
[Date "2019.07.25"]
[Round "7"]
[White "Jogstad, Martin"]
[Black "Holm, Ragnar"]
[Result "1-0"]
[WhiteElo "2259"]
[BlackElo "2142"]
[PlyCount "51"]
[EventDate "2019.07.20"]
[EventType "swiss"]
[EventRounds "10"]
[EventCountry "DEN"]
[SourceTitle "CBM 191 Extra"]
[Source "ChessBase"]
[SourceDate "2019.09.30"]
[SourceVersion "1"]
[SourceVersionDate "2019.09.30"]
[SourceQuality "1"]

1. d4 d5 2. c4 e6 3. Nf3 Nf6 4. g3 Be7 5. Bg2 0-0 6. 0-0 dxc4 7. Ne5 Nc6 8. Nxc6 bxc6 9. Na3 Bxa3 10. bxa3 Rb8 11. Qd2 Ba6 12. Qa5 Rb6 13. a4 Qd6 14. e4 Qb4 15. Qxb4 Rxb4 16. Ba3 c5 17. Bxb4 cxb4 18. Rab1 Rb8 19. Rfc1 h5 20. f3 e5 21. Bf1 exd4 22. Bxc4 Bxc4 23. Rxc4 c5 24. Rxc5 Nd7 25. Rxh5 f6 26. Rb5 1-0

[Event "Karlstad op"]
[Site "Karlstad"]
[Date "2018.12.28"]
[Round "5"]
[White "Sjoberg, Isak"]
[Black "Holm, Ragnar"]
[Result "1/2-1/2"]
[WhiteElo "2221"]
[BlackElo "2095"]
[PlyCount "55"]
[EventDate "2018.12.27"]
[EventType "swiss"]
[EventRounds "8"]
[EventCountry "SWE"]
[SourceTitle "EXT 2020"]
[Source "ChessBase"]
[SourceDate "2019.10.17"]
[SourceVersion "1"]
[SourceVersionDate "2019.10.17"]
[SourceQuality "1"]

1. e4 c5 2. Nf3 g6 3. c3 Bg7 4. d4 cxd4 5. cxd4 d5 6. e5 Nh6 7. Bb5+ Nc6 8. Bxc6+ bxc6 9. 0-0 0-0 10. h3 f6 11. Re1 fxe5 12. Nxe5 Qd6 13. Qc2 Nf5 14. Qd3 c5 15. dxc5 Qxc5 16. Nd2 Qd6 17. Ndf3 Ba6 18. Qd1 e6 19. Bf4 Qb4 20. Bh2 Rac8 21. Qb3 Qb5 22. Qa3 Rc2 23. g4 Qb6 24. Rf1 Bxf1 25. Rxf1 Nd4 26. Ne1 Ne2+ 27. Kg2 Rc7 28. N1f3 1/2-1/2

[Event "Hamar CC-ch A"]
[Site "Hamar"]
[Date "2017.01.05"]
[Round "1"]
[White "Reigstad, Erlend"]
[Black "Holm, Ragnar"]
[Result "0-1"]
[WhiteElo "1499"]
[BlackElo "2065"]
[PlyCount "44"]
[EventDate "2017.01.05"]
[EventType "swiss"]
[EventRounds "9"]
[EventCountry "NOR"]
[SourceTitle "EXT 2024"]
[Source "ChessBase"]
[SourceDate "2023.10.10"]
[SourceVersion "1"]
[SourceVersionDate "2023.10.10"]
[SourceQuality "1"]

1. d4 g6 2. e4 Bg7 3. c4 c5 4. d5 d6 5. Qc2 Nf6 6. Be2 0-0 7. Nf3 e6 8. Bg5 exd5 9. exd5 h6 10. Be3 Bf5 11. Bd3 Bxd3 12. Qxd3 Ng4 13. Nc3 Nd7 14. 0-0 Nde5 15. Nxe5 Nxe5 16. Qe2 Qh4 17. f4 Ng4 18. g3 Qh3 19. Nd1 Rae8 20. Rf3 Bd4 21. Kh1 Qh5 22. Nf2 Qxh2# 0-1

[Event "Helsingor Xtracon op"]
[Site "Helsingor"]
[Date "2016.07.31"]
[Round "10"]
[White "Holm, Ragnar"]
[Black "Bluebaum, Johanna"]
[Result "1/2-1/2"]
[WhiteElo "2104"]
[BlackElo "1939"]
[PlyCount "47"]
[EventDate "2016.07.23"]
[EventType "swiss"]
[EventRounds "10"]
[EventCountry "DEN"]
[SourceTitle "CBM 173 Extra"]
[Source "ChessBase"]
[SourceDate "2016.08.29"]
[SourceVersion "1"]
[SourceVersionDate "2016.08.29"]
[SourceQuality "1"]

1. c4 c6 2. d4 d5 3. cxd5 cxd5 4. Nc3 Nf6 5. f3 Nc6 6. e4 dxe4 7. d5 Nb8 8. fxe4 e5 9. Nf3 Bg4 10. Qa4+ Bd7 11. Qb3 Qc7 12. Bg5 h6 13. Bh4 Nh5 14. 0-0-0 Na6 15. Kb1 Nc5 16. d6 Bxd6 17. Qd5 Be7 18. Bxe7 Kxe7 19. Qxe5+ Qxe5 20. Nxe5 Rhd8 21. Nd5+ Kf8 22. Be2 Nf6 23. Nxf6 gxf6 24. Nxd7+ 1/2-1/2

[Event "Helsingor Xtracon op"]
[Site "Helsingor"]
[Date "2016.07.26"]
[Round "5"]
[White "Lenaerts, Lennert"]
[Black "Holm, Ragnar"]
[Result "1-0"]
[WhiteElo "2259"]
[BlackElo "2104"]
[PlyCount "69"]
[EventDate "2016.07.23"]
[EventType "swiss"]
[EventRounds "10"]
[EventCountry "DEN"]
[SourceTitle "CBM 173 Extra"]
[Source "ChessBase"]
[SourceDate "2016.08.29"]
[SourceVersion "1"]
[SourceVersionDate "2016.08.29"]
[SourceQuality "1"]

1. d4 e6 2. c4 f5 3. Nc3 Nf6 4. g3 c6 5. Bg2 Be7 6. Nh3 d6 7. 0-0 0-0 8. Re1 e5 9. e4 Nxe4 10. Nxe4 fxe4 11. dxe5 dxe5 12. Qxd8 Bxd8 13. Rxe4 Bf6 14. Ng5 Na6 15. Re2 Bg4 16. Bf3 Bxf3 17. Nxf3 Rad8 18. Be3 b6 19. Ng5 Rd7 20. Ne4 Rfd8 21. Kg2 Rd1 22. Re1 Rxa1 23. Rxa1 Kf7 24. Kf3 Ke6 25. a4 Nb4 26. c5 Nc2 27. Rc1 Nxe3 28. fxe3 b5 29. axb5 cxb5 30. Ra1 Rd7 31. Ra6+ Ke7 32. b4 Rc7 33. Nd6 Kd8 34. Nxb5 Rb7 35. Nxa7 1-0

[Event "Helsingor Xtracon op"]
[Site "Helsingor"]
[Date "2016.07.24"]
[Round "3"]
[White "Svensson, Erik"]
[Black "Holm, Ragnar"]
[Result "0-1"]
[WhiteElo "1848"]
[BlackElo "2104"]
[PlyCount "108"]
[EventDate "2016.07.23"]
[EventType "swiss"]
[EventRounds "10"]
[EventCountry "DEN"]
[SourceTitle "CBM 173 Extra"]
[Source "ChessBase"]
[SourceDate "2016.08.29"]
[SourceVersion "1"]
[SourceVersionDate "2016.08.29"]
[SourceQuality "1"]

1. e4 c5 2. Nf3 g6 3. d4 cxd4 4. Nxd4 Bg7 5. Nc3 Nc6 6. Be3 Nf6 7. Nxc6 bxc6 8. e5 Ng8 9. f4 Nh6 10. Qd2 0-0 11. 0-0-0 Qa5 12. Kb1 d6 13. exd6 exd6 14. Qxd6 Bxc3 15. bxc3 Be6 16. Bd4 Nf5 17. Qc5 Qxa2+ 18. Kc1 Rfd8 19. Bd3 Nxd4 20. cxd4 Qa1+ 21. Kd2 Qxd4 22. Qxd4 Rxd4 23. Ke3 Rd7 24. Be4 Bd5 25. Bxd5 cxd5 26. Rd4 Rc8 27. Kd3 Rdc7 28. Rc1 Rc3+ 29. Kd2 R3c5 30. g3 Kg7 31. Ra4 a5 32. c3 Kf6 33. Kd3 Ke6 34. Ra3 h5 35. Rb1 R8c6 36. h3 h4 37. g4 Rc4 38. Rf1 a4 39. Re1+ Kd6 40. Rf1 Rb6 41. f5 g5 42. Re1 Rb2 43. Re3 Rb1 44. Kc2 Rg1 45. Kd2 Rg3 46. Rxg3 hxg3 47. Ke3 Ke5 48. Kf3 d4 49. cxd4+ Kxd4 50. Kg2 Rb4 51. Kg1 Kc4 52. Kg2 Rb2+ 53. Kg1 Kb4 54. Rxg3 a3 0-1

[Event "Veliko Gradiste Silver Lake op"]
[Site "Veliko Gradiste"]
[Date "2016.06.24"]
[Round "7"]
[White "Stojkovska, Monika"]
[Black "Holm, Ragnar"]
[Result "0-1"]
[WhiteElo "2030"]
[BlackElo "2125"]
[PlyCount "34"]
[EventDate "2016.06.19"]
[EventType "swiss"]
[EventRounds "9"]
[EventCountry "SRB"]
[SourceTitle "EXT 2017"]
[Source "ChessBase"]
[SourceDate "2016.10.25"]
[SourceVersion "1"]
[SourceVersionDate "2016.10.25"]
[SourceQuality "1"]

1. e4 c5 2. Nf3 g6 3. d4 cxd4 4. Qxd4 Nf6 5. e5 Nc6 6. Qa4 Nd5 7. Qe4 Nb6 8. Nc3 Bg7 9. Bf4 d5 10. exd6 Bf5 11. Qe2 0-0 12. dxe7 Nxe7 13. Qd2 Ned5 14. Nxd5 Nxd5 15. 0-0-0 Rc8 16. c4 Nxf4 17. g4 Qxd2+ 0-1

[Event "Deltalift op"]
[Site "Tylosand"]
[Date "2016.05.07"]
[Round "8"]
[White "Holm, Ragnar"]
[Black "Nilsson, Weine"]
[Result "1/2-1/2"]
[WhiteElo "2114"]
[BlackElo "1959"]
[PlyCount "30"]
[EventDate "2016.05.05"]
[EventType "swiss"]
[EventRounds "8"]
[EventCountry "SWE"]
[SourceTitle "CBM 172 Extra"]
[Source "ChessBase"]
[SourceDate "2016.06.21"]
[SourceVersion "1"]
[SourceVersionDate "2016.06.21"]
[SourceQuality "1"]

1. c4 c5 2. Nf3 Nc6 3. d4 cxd4 4. Nxd4 Nf6 5. Nc3 g6 6. e4 d6 7. Be2 Nxd4 8. Qxd4 Bg7 9. Bg5 Qa5 10. Qd2 0-0 11. 0-0 Rd8 12. Rfd1 Be6 13. Rac1 Kf8 14. f3 Rac8 15. b3 a6 1/2-1/2

[Event "Deltalift op"]
[Site "Tylosand"]
[Date "2016.05.05"]
[Round "3"]
[White "Holm, Kristian Stuvik"]
[Black "Holm, Ragnar"]
[Result "1-0"]
[WhiteElo "2418"]
[BlackElo "2114"]
[PlyCount "61"]
[EventDate "2016.05.05"]
[EventType "swiss"]
[EventRounds "8"]
[EventCountry "SWE"]
[SourceTitle "CBM 172 Extra"]
[Source "ChessBase"]
[SourceDate "2016.06.21"]
[SourceVersion "1"]
[SourceVersionDate "2016.06.21"]
[SourceQuality "1"]

1. b3 e5 2. Bb2 Nc6 3. e3 d5 4. Bb5 Bd6 5. f4 Qe7 6. Nf3 f6 7. Nc3 Be6 8. e4 d4 9. Nd5 Qd7 10. 0-0 a6 11. fxe5 axb5 12. exd6 Qxd6 13. Bxd4 Bxd5 14. exd5 Qxd5 15. Re1+ Nge7 16. Bf2 0-0 17. c3 Ng6 18. d4 Rfe8 19. Bg3 Qd7 20. Qd2 Nce7 21. c4 bxc4 22. bxc4 Nf5 23. Bf2 Nd6 24. Qc2 b5 25. c5 Nc4 26. Rxe8+ Rxe8 27. a4 c6 28. axb5 cxb5 29. Qb3 Kh8 30. Bg3 Re3 31. Qxe3 1-0

[Event "Boeblinger op 32nd"]
[Site "Boeblingen"]
[Date "2015.12.26"]
[Round "1"]
[White "Bortnyk, Olexandr"]
[Black "Holm, Ragnar"]
[Result "1-0"]
[WhiteElo "2552"]
[BlackElo "2140"]
[PlyCount "57"]
[EventDate "2015.12.26"]
[EventType "swiss"]
[EventRounds "9"]
[EventCountry "GER"]
[SourceTitle "CBM 170 Extra"]
[Source "ChessBase"]
[SourceDate "2016.02.25"]
[SourceVersion "1"]
[SourceVersionDate "2016.02.25"]
[SourceQuality "1"]

1. e4 c5 2. Nf3 g6 3. c3 Bg7 4. d4 cxd4 5. cxd4 d5 6. exd5 Nf6 7. Bb5+ Nbd7 8. Nc3 0-0 9. Bxd7 Bxd7 10. Ne5 Bf5 11. Qb3 Ne4 12. 0-0 Qb6 13. Qxb6 axb6 14. Re1 Nxc3 15. bxc3 h5 16. h3 Rfc8 17. Bd2 Ra5 18. g4 f6 19. gxf5 fxe5 20. c4 Ra4 21. dxe5 gxf5 22. Bg5 Bf8 23. Rad1 Raxc4 24. d6 Kf7 25. e6+ Kg6 26. dxe7 Kxg5 27. exf8Q Rxf8 28. e7 Re8 29. Rd8 1-0

[Event "Hamar op A"]
[Site "Hamar"]
[Date "2015.09.03"]
[Round "1"]
[White "Holm, Ragnar"]
[Black "Jotun, Jan"]
[Result "1/2-1/2"]
[WhiteElo "2082"]
[BlackElo "1627"]
[PlyCount "45"]
[EventDate "2015.09.03"]
[EventType "swiss"]
[EventRounds "7"]
[EventCountry "NOR"]
[SourceTitle "EXT 2024"]
[Source "ChessBase"]
[SourceDate "2023.10.10"]
[SourceVersion "1"]
[SourceVersionDate "2023.10.10"]
[SourceQuality "1"]

1. d4 d5 2. c4 g6 3. cxd5 Qxd5 4. Nc3 Qd8 5. e4 Bg7 6. Nf3 Nf6 7. Bc4 0-0 8. e5 Ne8 9. 0-0 c6 10. Ng5 e6 11. Nge4 h6 12. Qg4 Nd7 13. Be3 Nb6 14. Bb3 Nd5 15. Qh3 Nxe3 16. fxe3 Kh7 17. Qg3 b6 18. Rac1 Ba6 19. Rf2 Rc8 20. Ne2 Bd3 21. Bc2 Bxc2 22. Rxc2 c5 23. Rd2 1/2-1/2